| 000 | 00362 a2200157 4500 | ||
|---|---|---|---|
| 001 | 75076 | ||
| 020 | _a978859886642 | ||
| 040 | _cAnchieta - Colégio São Paulo | ||
| 100 | _aCortizo, Neide | ||
| 240 | 1 | 0 |
_aViagens e descobrimentos _lpor |
| 245 | 1 | 0 | _aViagens e descobrimentos |
| 300 | _a30 | ||
| 362 | 0 | _a2014 | |
| 650 | 4 | _aLiteratura infantil | |
| 942 | _cBK | ||
| 999 |
_c75076 _d75076 |
||